Vista normal
Vista MARC
Entrada Personal Name
Número de registros utilizados en: 3
001 - CONTROL NUMBER
- control field: 4202
003 - CONTROL NUMBER IDENTIFIER
- control field: OSt
005 - DATE AND TIME OF LATEST TRANSACTION
- control field: 20200511141506.0
008 - FIXED-LENGTH DATA ELEMENTS
- fixed length control field: 200511|| aca||aabn | a|a d
040 ## - CATALOGING SOURCE
- Original cataloging agency: OSt
- Transcribing agency: OSt
100 ## - HEADING--PERSONAL NAME
- Personal name: Orozco Vargas, Julio,
670 ## - SOURCE DATA FOUND
- Source citation: Work cat.: (OSt)3457: Orozco Vargas, Julio, selección, El tesoro de los valores /, 2013